Представление документа в формате RUSMARC

ПолеНазваниеЗначение
  Тип записи a
  Библиографический уровень m
001 Контрольный номер RU/SLIB/B/208727251
005 Дата корректировки 20250530143834.6
010 Индекс ISBN __
a ISBN 5-7142-0049-7
d Цена 13-00; 1000-00
101 Язык документа 0_
a Язык текста rus
c Язык оригинала rus
200 Заглавие и сведения об ответственности 0_
a Заглавие Летающие мысли
f Первые сведения об ответственности Знаменский А. С. ; сост. и вступ. ст. В. К. Белобородова
b Общее обозначение материала Текст
210 Выходные данные 1_
a Место издания Шадринск
c Издательство Исеть
d Дата издания 1993
215 Физическое описание __
a Объем 112 с.
c Иллюстрации/тип воспроизводства ил.
225 Серия 2_
a Серия Библиотечка журнала "Югра"
330 Аннотация __
a Аннотация Собраны взгляды об устройстве мира и жизненном укладе, талантливого педагога Аркадия Степановича Знаменского. Подробная биография позволяет нам лучше понять и оценить вклад этого человека в дело воспитания и образования.
600 Персоналии _1
a Персоналии (Фамилия) Знаменский, А. С.
g Полное имя Аркадий Степанович
600 Персоналии _1
a Персоналии (Фамилия) Знаменские
c Дополнение к имени династия
606 Тематические рубрики __
a Основная рубрика Образование. Педагогика
606 Тематические рубрики __
a Основная рубрика История образования
y Географическая подрубрика Сибирь; Россия
610 Ключевые слова 0_
a Ключевые слова краеведение; персоналии; педагоги; биографии; династии; афоризмы; крылатые слова
686 Индексы других классификаций __
a Классификационный индекс К74.03(2); стК74.03(2)
700 Автор _1
a Фамилия Знаменский
b Имя А. С.
4 Код отношения 070
702 Вторичная интеллектуальная ответственность _1
a Фамилия Белобородов
b Имя В. К.
4 Код отношения Составитель
801 Источник записи _0
a Страна RU
b Организация Муниципальное бюджетное учреждение культуры "Централизованная библиотечная система" г. Сургут (Центральная городская библиотека им. А. С. Пушкина)
g Правила каталогизации КиК/Уланова
801 Источник записи _1
a Страна RU
b Организация Муниципальное бюджетное учреждение культуры "Централизованная библиотечная система" г. Сургут (Центральная городская библиотека им. А. С. Пушкина)
g Правила каталогизации КиК/Уланова
852 Данные о местонахождении __
j Шифр хранения К74.03(2)
i Авторский знак З-72
p Инвентарный номер 49947
901 Тип документа __
t Тип документа m
990 Данные о заказе (DOS) __
j Количество экземпляров (DOS) 6; 33
h N записи в КСУ для Б/У (DOS) 200107; 199401